Pilotes F1 2011/2024 (Photos) - Statistiques

Statistiques générales
  • Ce quiz a été pris 62 fois
  • Le résultat moyen est 2 sur 16
Statistiques - réponses
Par images Réponse % Correct
Lewis Hamilton
100%
Charles Leclerc
24%
Max Verstappen
24%
Beerman
14%
Mik Schumacher
12%
Paul Di Resta
12%
Nico Rosberg
10%
Sébastien Vetell
8%
Mickael Schumacher
6%
Henki Kovalainen
4%
Jeson Button
4%
Lance Stoll
4%
Kartikeyan
2%
Rubens Barriccelo
2%
Trulli
2%
Jérôme Dembrosio
0%
Aucun quiz correspondant
Distribution des résultats
% des personnes avec chaque résultat
Percentile par nombre de réponses
Votre historique - résultats
Vous n’avez pas pris ce quiz